¿Está enferma la fe? (Record no. 90592)

MARC details
000 -LEADER
campo de control de longitud fija 00640nam a2200217 i 4500
001 - NÚMERO DE CONTROL
campo de control 90592
003 - IDENTIFICADOR DE NÚMERO DE CONTROL
campo de control ES-MaACL
005 - FECHA Y HORA DE LA ÚLTIMA TRANSACCIÓN
campo de control 20230906180509.0
007 - CAMPO FIJO DE DESCRIPCIÓN FÍSICA--INFORMACIÓN GENERAL
campo de control de longitud fija t|
008 - DATOS DE LONGITUD FIJA--INFORMACIÓN GENERAL
campo de control de longitud fija 050121s1967 sp |||| | spa d
100 1# - ENTRADA PRINCIPAL--NOMBRE DE PERSONA
Nombre de persona Lehmann, Johannes.
9 (RLIN) 71334
245 11 - MENCIÓN DEL TÍTULO
Título ¿Está enferma la fe?
Resto del título : los creyentes, signo o antisigno de la fe /
Mención de responsabilidad, etc. Johannes Lehmann ; [tradujo, Ana María Agud].
260 ## - PUBLICACIÓN, DISTRIBUCIÓN, ETC.
Lugar de publicación, distribución, etc. Salamanca :
Nombre del editor, distribuidor, etc. Sígueme,
Fecha de publicación, distribución, etc. 1967.
300 ## - DESCRIPCIÓN FÍSICA
Extensión 150 p. ;
Dimensiones 19 cm.
490 1# - MENCIÓN DE SERIE
Mención de serie Estela ;
Designación de volumen o secuencia 60
650 04 - PUNTO DE ACCESO ADICIONAL DE MATERIA--TÉRMINO DE MATERIA
Término de materia o nombre geográfico como elemento de entrada Fe.
9 (RLIN) 12734
700 1# - ENTRADA AGREGADA--NOMBRE PERSONAL
Nombre de persona Agud, Ana.
9 (RLIN) 18643
830 0# - PUNTO DE ACCESO ADICIONAL DE SERIE-TÍTULO UNIFORME
Título uniforme Estela ;
Designación de volumen o secuencia 60
9 (RLIN) 181322
852 ## - LOCALIZACIÓN
Ubicación ES-MaACL
Número de control de estantería C-32498
Holdings
Estatus retirado Estado de pérdida Estado de daño No para préstamo Biblioteca de origen Biblioteca actual Ubicación en estantería Fecha de adquisición Fuente de adquisición Total de préstamos Signatura topográfica completa Código de barras Visto por última vez Precio de reemplazo Tipo de ítem Koha
        Biblioteca del Ateneo de Madrid Biblioteca del Ateneo de Madrid Depósito 2 17/01/2008     C-32498 1094597 23/02/2023 23/02/2023 Libro impreso